Armes de jeux vidéo par images - Statistiques

Statistiques générales
  • Ce quiz a été pris 521 fois
  • Le résultat moyen est 8 sur 16
Statistiques - réponses
Par images Réponse % Correct
Minecraft
95%
Mario Kart
92%
The Legend of Zelda
91%
Pokémon
73%
Final Fantasy
72%
Portal
63%
Kingdom Hearts
51%
Metroid
49%
God of War
47%
Xenoblade Chronicles
41%
Half-Life
31%
Kid Icarus
29%
Kirby
14%
Sonic
12%
Fire Emblem
11%
Star Fox
5%
Aucun quiz correspondant
Distribution des résultats
% des personnes avec chaque résultat
Percentile par nombre de réponses
Votre historique - résultats
Vous n’avez pas pris ce quiz